Chinhoyi University Of Technology OPAC

100 new fashion designers / (Record no. 11532)

MARC details
000 -LEADER
fixed length control field 03216cam a22003851i 4500
001 - CONTROL NUMBER
control field 0000031760
003 - CONTROL NUMBER IDENTIFIER
control field OCoLC
005 - DATE AND TIME OF LATEST TRANSACTION
control field 20230921135707.0
008 - FIXED-LENGTH DATA ELEMENTS--GENERAL INFORMATION
fixed length control field 080501s2008 enkm a000 0 eng d
015 ## - NATIONAL BIBLIOGRAPHY NUMBER
National bibliography number GBA973136
Source bnb
020 ## - INTERNATIONAL STANDARD BOOK NUMBER
International Standard Book Number 9781856695718
020 ## - INTERNATIONAL STANDARD BOOK NUMBER
International Standard Book Number 1856695719
035 ## - SYSTEM CONTROL NUMBER
System control number (OCoLC)227018380
035 ## - SYSTEM CONTROL NUMBER
System control number 227018380
040 ## - CATALOGING SOURCE
Original cataloging agency BTCTA
Language of cataloging eng
Description conventions rda
Transcribing agency BTCTA
Modifying agency BAKER
-- YDXCP
-- BWK
-- TXA
-- AU@
-- SINLB
-- IMO
-- UKM
-- DZA
050 #4 - LIBRARY OF CONGRESS CALL NUMBER
Classification number TT505.A1
Item number D38 2008
082 04 - DEWEY DECIMAL CLASSIFICATION NUMBER
Classification number 746.920922
Edition number 22
092 ## - LOCALLY ASSIGNED DEWEY CALL NUMBER (OCLC)
Classification number 746.92
Item number A7,D287o,2008
100 1# - MAIN ENTRY--PERSONAL NAME
Personal name Davies, Hywel,
Dates associated with a name 1974-
Authority record control number or standard number http://id.loc.gov/authorities/names/no2008029158.
245 10 - TITLE STATEMENT
Title 100 new fashion designers /
Statement of responsibility, etc. by Hywel Davies.
246 3# - VARYING FORM OF TITLE
Title proper/short title One hundred new fashion designers
260 #1 - PUBLICATION, DISTRIBUTION, ETC.
Place of publication, distribution, etc. London, U.K :
Name of publisher, distributor, etc. Laurence King Publishing,
Date of publication, distribution, etc. 2008.
264 ## - PRODUCTION, PUBLICATION, DISTRIBUTION, MANUFACTURE, AND COPYRIGHT NOTICE
Place of production, publication, distribution, manufacture London, U.K :
Name of producer, publisher, distributor, manufacturer Laurence King Publishing,
Date of production, publication, distribution, manufacture, or copyright notice 2008.
300 ## - PHYSICAL DESCRIPTION
Extent 383 pages :
Other physical details illustrations (chiefly color) ;
Dimensions 29 cm.
336 ## - CONTENT TYPE
Content type term text
Content type code txt
Source rdacontent
337 ## - MEDIA TYPE
Media type term unmediated
Media type code n
Source rdamedia
338 ## - CARRIER TYPE
Carrier type term volume
Carrier type code nc
Source rdacarrier
500 ## - GENERAL NOTE
General note *****L -- 6 7/8 (Six and Seven Eighths) -- 0044 -- Aimee McWilliams -- Aitor Throup -- Aleksandra Olenska -- Alena Akhmadullina -- Alice McCall -- Aminaka Wilmont -- Antoine Peters -- Apostolos Mitropoulos -- Ashish -- Avhs Alom Gur -- Basso & Brooke -- Bo Van Melskens -- Bora Aksu -- Borba Margo -- C. Neeon -- Carola Euler -- Cassette Playa -- Cathy Pill -- Cecilia Sörenson -- Chris Liu -- Christoph Fröhlich -- Commuun -- Customers Own Property -- Danielle Scutt -- Denis Simachëv -- Deryck Walker -- Duckie Brown -- El Delgado Buil -- Emilio de la Morena -- Erdem -- Eric Lebon -- Felder Felder -- Felipe Oliveira Baptista -- Finsk -- Frank Leder -- Gardem -- Gavin Douglas -- Hall Ohara -- Haltbar -- Hamish Morrow -- Heather Blake -- Henrik Vibskov -- Horace -- Ioannis Dimitrousis -- Jain Close/Marc Szwajcer -- Jantaminiau -- Jean-Pierre Braganza -- Jens Laugesen -- Jolibe -- Jonathan Saunders -- Katarzyna Szczotarska -- Kosmetique Label -- Laitinen -- Louise de Gama -- Louise Amstrup -- Lutz -- Manish Arora -- Meadham/Kirchhoff -- Miki Fukai -- Mikio Sakabe -- Modernist -- Nasir Mazhar -- Natalia Brilli -- Nathan Jenden -- Olanic -- Osman Yousefzada -- Patrik Söderstam -- Pelican Avenue -- Petar Petrov -- Peter Bertsch -- Peter Pilotto -- Postweiler Hauber -- PPQ -- Pulver -- Rad Hourani -- Raeburn Design -- Richard Nicoll -- Rober Normand -- Romina Karamanea -- Romy Smits -- Rubecksen Yamanaka -- Seïko Taki -- Six Støldal -- Slobodan Mihajlovic -- Slow and Steady Wins the Race -- Spijkers en Spijkers -- Steve J & Yoni P -- Swash -- Telfar -- Tillmann Lauterbach -- Tim Hamilton -- Todd Lynn -- Trosman -- Txell Miras -- Unconditional -- Ute Ploier -- Yuko Yoshitake.
650 #0 - SUBJECT ADDED ENTRY--TOPICAL TERM
Topical term or geographic name entry element Fashion designers
Authority record control number or standard number http://id.loc.gov/authorities/subjects/sh91001411
General subdivision History
Chronological subdivision 21st century
Authority record control number or standard number http://id.loc.gov/authorities/subjects/sh2002006168
Form subdivision Pictorial works
Authority record control number or standard number http://id.loc.gov/authorities/subjects/sh99001272.
655 #7 - INDEX TERM--GENRE/FORM
Genre/form data or focus term Illustrated works
Source of term lcgft
Authority record control number or standard number http://id.loc.gov/authorities/genreForms/gf2014026111.
908 ## - PUT COMMAND PARAMETER (RLIN)
Put command parameter 210610
913 ## -
-- N
989 #7 -
-- 20230822095114.0
Holdings
Withdrawn status Lost status Damaged status Not for loan Home library Current library Date acquired Total Checkouts Full call number Barcode Date last seen Copy number Price effective from Koha item type
        Chinhoyi University of Technology Libraries Chinhoyi University of Technology Libraries 09/21/2023   TT 505.A1 DAN BK00459643 09/21/2023 c.045718 09/21/2023 Books
@2023 All rights reserved. C.U.T Library